000 00493cam a2200157 4500
005 20211015123109.0
008 170926b1997 ag ||||| |||| 001 0 spa d
050 0 4 _aK5018
_bJ56 1997
100 1 _aJiménez de Asúa, Luis
_eautor
245 1 3 _aLa ley y el delito
_b: principios de derecho penal
_c/ Luis Jiménez de Asúa
250 _a11a ed.
260 _aBuenos Aires :
_bSudamericana,
_c1997
300 _a578 p. :
_c23 cm.
650 7 _2lemb
_aDerecho penal
_zMéxico
942 _2lcc
_cLIB
999 _c126621
_d126621